Quizzes
Events
Quiz Creation
Community
Videos
Private Events
Remove Ads
Sign In
Join for FREE
Feedback
Dark Mode
Quiz Categories
Sports
Geography
Music
Movies
Television
Just For Fun
Miscellaneous
History
Literature
Language
Science
Gaming
Entertainment
Religion
Holiday
For Kids
Quiz Lab
Recent
Popular Today
Quiz Kudos Today
Editor Picks
Curator Picks
Quizzes by...
Day
Popularity
Type
Ratings
Length
Year
Community
Subscriptions
Recent Discussions
Orange Saloon
Badges
Playlists
Quests
Create
Leaderboards
Showdown
Live 5
Trivia Bingo
Activity
Puzzle Library
Sporcle Events
Private Events
Virtual Trivia
Globe League
Become a Host
Pub Owners
SporcleCon
Opinionation
Our Games
Videos
Blog
Mobile Apps
Partnerships
Remove Ads and Go Orange
Feedback
Sports
Athletes
MLB
NBA
NHL
NFL
Soccer
Sports Teams
WWE
NCAA
Football
Premier League
Basketball
Baseball
Hockey
Golf
Tennis
Cricket
Rugby
Auto Racing
Olympics
World Cup
Sports
Athletes
MLB
NBA
NHL
NFL
Soccer
Sports Teams
WWE
NCAA
Football
Premier League
Basketball
Baseball
Hockey
Golf
Tennis
Cricket
Rugby
Auto Racing
Olympics
World Cup
Random Quiz
Search Sporcle
×
Quiz Lab
Quiz Lab
Sports
cup
Type in answers that appear in a list
Type in answers that appear in a list
Classic
Best Score? Go Orange.
CAN YOU NAME THE 2011 STANLEY CUP CHAMPION BOSTON BRUINS Stats
Can you name the CAN YOU NAME THE 2011 STANLEY CUP CHAMPION BOSTON BRUINS?
By
SCJ8
15m
20 Questions
31 Plays
31 Plays
31 Plays
Comments
Comments
Give Quiz Kudos
Give Quiz Kudos
-
- Ratings
hide this ad
Replay
Link that replays current quiz
Next Quiz
Link to next quiz in quiz playlist
You Got
0%
They Got
Avg Score
35%
Avg Friend Score
Upgrade to see
Score Distribution
Jump to the score distribution portion of the page
Score
0/20
Timer
15:00
0
Plays Today
number
PLAYER
% Correct
30
Tim Thomas
93.5%
17
Milan Lucic
74.2%
18
Nathan Horton
71%
46
David Krejci
64.5%
63
Brad Marchand
58.1%
37
Patrice Bergeron
51.6%
40
Tukka Rask
48.4%
12
Tomas Kaberle
37.5%
54
Adam McQuaid
33.3%
73
Michael Ryder
33.3%
number
PLAYER
% Correct
23
Chris Kelly
33.3%
11
Gregory Campbell
29.2%
28
Mark Recchi
29%
55
Johnny Boychuck
25%
49
Rich Peverly
25%
22
Shawn Thorton
20.8%
33
Zedeno Chara
16.1%
44
Dennis Seidenburg
9.7%
19
Tyler Seiguin
4.2%
21
Andrew Ferance
4.2%
Quiz Playlist
Details
Report
Send in Message
Add To Playlist
Classic:
Type in answers that appear in a list
Last Updated: Feb 16, 2017
Quiz Scoreboard
CHALLENGE
Sign Up to Join the Scoreboard
Show All
Scores
Hide
Comments
May contain spoilers
Recently Published
Movies - When Are They Set?
by FPL_Elf
Movies
5m
Popular People in 1961
by mucciniale
History
6m
1-10 Letter E Words III
by El_Dandy
Language
2m
More to Explore
Quiz From the Vault
Featured Blog Post
Where Did the Easter Bunny Come From?
hide this ad
You Might Also Like...
Tags
Boston
Boston Bruins
champion
cup
Player
Stanley
Today's Top Quizzes in Sports
Browse Sports
hide this ad
Today's Top Quizzes in cup
Browse cup
Top Contributed Quizzes in Sports
1
Les meilleurs buteurs des matchs entre le PSG et l’OM
2
FIFA Club World Cup Champions
3
Les entraîneurs de l'OM et du PSG au 21e siècle
4
2022 World Cup Stars
5
Name the Premier League winners with different clubs
6
La finale Lions - Afrique du Sud 2021
7
Criteria MLB: Left Handed Sluggers
8
Les joueurs passés par le LOSC et le RC Lens
9
Players with Multiple 50 Home Run Seasons
10
MLB Players with Two .350 Batting Average Seasons
Explore More
Trending Topics
Disney
Harry Potter
Marvel
Crossword
NBA
Anime
Kpop
The Office
Puzzle
NFL
WWE
Pokémon
Soccer
Song
Country
hide this ad
More By:
SCJ8
Quiz
Plays
Rating
Category
Featured
Created
Name of 2012 Stanley Cup Champions Los Angles Kings
127
2.67
Sports
Jun 12, 2012
The NHL Boys teams for 2011-2012
53
1.00
Sports
Dec 11, 2011
CAN YOU NAME THE 2011 STANLEY CUP CHAMPION BOSTON BRUINS
31
1.00
Sports
Nov 18, 2011
Washington Capitals 2012-2013 boys roster
18
Sports
Nov 23, 2011
the teams the Capitals beat in their 4 championship boys run
7
Sports
Nov 24, 2011
Go to Creator's Profile
Score Distribution
Quiz Creator Spotlight
SCJ8
Follow
Send a Message
Quizzes Created
-
Created Quiz Play Count
-
More By This Creator
Popular Quizzes Today
1
Find the US States - No Outlines Minefield
2
Find the Countries of Europe - No Outlines Minefield
3
The Countries of the World
4
Popular People in 1961
5
1-10 Letter E Words III
6
US States
7
Find the US States
8
One Thing in Common: World Cities II
More Sports Quizzes
MLB MVP Reveal (2000-Present) II
Quiz Lab
Trending Quizzes
Risky Map Clicking: Least Populous States A-Z
1-10 Letter F Words
Humor Books: The Subtitles
1-10 Letter G Words
One Thing in Common: United Kingdom
Recently Updated
Leaping Animals
pecheneg
Reality TV Shows (A-Z)
bhenderson79
Rickey Henderson's Hall of Fame Teammates
pecheneg
Champions League XIs: Arsenal
pecheneg
Quick Pick: Celebrities in WWE's Hall of Fame
aduchscher
A-Z Keypad Blitz II
pecheneg
Multiple Oscar Actors
pecheneg
Mystery Phrase Blitz: Oscar 'Best Actors'
pecheneg
F. Scott Fitzgerald Novels
LTH
Pick 3 Villains
ddd62291
Trending Topics
Kpop
Disney
NBA
Marvel
Crossword
Harry Potter
Anime
NFL
Country
Puzzle
Song
Pokémon
WWE
Soccer
The Office
Your Account Isn't Verified!
In order to create a playlist on Sporcle, you need to verify the email address you used during registration. Go to your
Sporcle Settings
to finish the process.
Report this User
Report this user for behavior that violates our
Community Guidelines
.
Details:
Send Report
Go to the Sporcle.com Mobile Site →
Comments